| 000 | 00378nam a2200133Ia 4500 | ||
|---|---|---|---|
| 005 | 20260328101447.0 | ||
| 008 | 260328s9999||||xx |||||||||||||| ||und|| | ||
| 100 | _aRisselada, Max | ||
| 245 | 0 |
_aRaumPlan versus Plan Libre : _b Adolf Loos and Le Corbusier, 1919-1930 / _cMax Risselada |
|
| 260 | _bDelft University Press | ||
| 300 | _a150 p. | ||
| 650 | _aARQUITECTOS | ||
| 942 | _cBK | ||
| 999 |
_c8503 _d8503 |
||